000 00419pab a2200157 454500
008 180718b2006 xxu||||| |||| 00| 0 eng d
100 _aSarkar, Subhradipta
245 _aDisaster Management Act, 2005: a disaster in waiting?
260 _c2006
300 _ap.3760-763.
362 _a2 Sep
650 _aDisaster prevention
700 _aSarma, Archana
773 _aEconomic and Political Weekly
909 _a71426
999 _c71426
_d71426